|
|
|
|
| LEADER |
04892nam a2200505 a 4500 |
| 001 |
32107 |
| 003 |
BD-DhAAL |
| 005 |
20251029162559.0 |
| 008 |
171127s2017 enka b 001 0 eng d |
| 010 |
|
|
|a 2016945506
|
| 020 |
|
|
|a 9780198785507
|
| 020 |
|
|
|a 019878550X
|
| 020 |
|
|
|a 9789845064699 (hbk)
|
| 040 |
|
|
|a ERASA
|b eng
|c ERASA
|e rda
|d YDXCP
|d BDX
|d BTCTA
|d YDX
|d OCLCO
|d CHVBK
|d OCLCO
|d INU
|d OCLCA
|d OCLCF
|d OCLCO
|d OCLCA
|d DLC
|d BD-DhAAL
|
| 050 |
0 |
0 |
|a HC440.8
|b .H64 2017
|
| 082 |
|
|
|a 330.95492
|2 23
|
| 100 |
1 |
|
|a Hossain, Naomi,
|9 22080
|
| 245 |
1 |
4 |
|a The aid lab :
|b understanding Bangladesh's unexpected success /
|c Naomi Hossain.
|
| 246 |
|
|
|a The aid lab
|
| 250 |
|
|
|a First edition.
|
| 250 |
|
|
|a Bangladesh edition.
|
| 264 |
|
1 |
|a Oxford :
|b Oxford University Press ;
|a Dhaka :
|b University Press Limited,
|c 2017, 2025.
|
| 300 |
|
|
|a xvi, 244 pages,
|a xxiii, 244 pages :
|b illustrations ;
|c 24 cm.
|
| 490 |
1 |
|
|a Critical frontiers of theory, research, and policy in international development studies
|
| 504 |
|
|
|a Includes bibliographical references (pages 205-238) and index.
|
| 505 |
0 |
|
|a pt. 1. The paradox -- pt. 2. The basket case -- pt. 3. The test case for development -- pt. 4. The Bengal tiger.
|
| 520 |
8 |
|
|a "From an unpromising start as 'the basket-case' to present day plaudits for its human development achievements, Bangladesh plays an ideological role in the contemporary world order, offering proof that the neo-liberal development model works under the most testing conditions. How were such rapid gains possible in a context of chronically weak governance? The Aid Lab subjects this so-called 'Bangladesh paradox' to close scrutiny, evaluating public policies and their outcomes for poverty and development since Bangladesh's independence in 1971. Countering received wisdom that its gains owe to an early shift to market-oriented economic reform, it argues that a binding political settlement, a social contract to protect against the crises of subsistence and survival, united the elite, the masses, and their aid donors in the wake of the devastating famine of 1974. This laid resilient foundations for human development, fostering a focus on the poorest and most precarious, and in particular on the concerns of women.0In chapters examining the environmental, political and socioeconomic crisis of the 1970s, the book shows how the lessons of the famine led to a robustly pro-poor growth and social policy agenda, empowering the Bangladeshi state and its non-governmental organizations to protect and enable its population to thrive in its engagements in the global economy. Now a middle-income country, Bangladesh's role as the world's laboratory for aided development has generated lessons well beyond its borders, and Bangladesh continues to carve a pioneering pathway through the risks of global economic integration and climate change."--
|
| 526 |
|
|
|a BIGD, ENH
|x Gazi Md. Mizanur Rahman
Assistant Professor,
Department of English and Humanities
BRAC University
Course name: History of Bangladesh (HST 103)
|
| 541 |
1 |
|
|a Hye Trade International
|e 32107, 32108, 44929, 44930
|
| 650 |
|
0 |
|a Economic development
|z Bangladesh.
|9 22084
|
| 650 |
|
0 |
|a Women
|z Bangladesh.
|9 22085
|
| 650 |
|
0 |
|a Global environmental change.
|9 22086
|
| 651 |
|
0 |
|a Bangladesh
|x Economic conditions.
|9 22081
|
| 651 |
|
0 |
|a Bangladesh
|x Economic policy.
|9 22082
|
| 651 |
|
0 |
|a Bangladesh
|x Social policy.
|9 22083
|
| 651 |
|
7 |
|a Bangladesh.
|2 fast
|9 22092
|
| 651 |
|
7 |
|a Bangladesch
|2 gnd
|9 22096
|
| 830 |
|
0 |
|a Critical frontiers of theory, research, and policy in international development studies.
|9 22097
|
| 852 |
|
|
|a Ayesha Abed Library
|c General Stacks
|
| 942 |
|
|
|2 ddc
|c BK
|
| 999 |
|
|
|c 38280
|d 38280
|
| 952 |
|
|
|0 0
|1 4
|2 ddc
|4 0
|6 330_954920000000000_HOS
|7 0
|9 61053
|a BRACUL
|b BRACUL
|c GEN
|d 2017-08-27
|e Karim International
|g 3244.50
|l 0
|o 330.95492 HOS
|p 3010032107
|r 2017-08-27
|t 1
|v 6489.00
|w 2017-08-27
|y BK
|x Koha Inventory 2020
|
| 952 |
|
|
|0 0
|1 4
|2 ddc
|4 0
|6 330_954920000000000_HOS
|7 0
|9 61054
|a BRACUL
|b BRACUL
|c GEN
|d 2017-08-27
|e Karim Intermational
|g 3244.50
|l 0
|o 330.95492 HOS
|p 3010032108
|r 2017-08-27
|t 2
|v 6489.00
|w 2017-08-27
|y BK
|x Koha Inventory 2020
|
| 952 |
|
|
|0 0
|1 0
|2 ddc
|4 0
|6 330_954920000000000_HOS
|7 0
|9 78351
|a BRACUL
|b BRACUL
|c NEW
|d 2025-10-09
|e Hye Trade International
|g 948.00
|l 1
|o 330.95492 HOS
|p 3010044929
|r 2026-01-21
|s 2026-01-13
|t 3
|v 1896.00
|w 2025-10-09
|y BK
|x Requisitioned by Gazi Md. Mizanur Rahman (Assistant Professor, Department of English and Humanities, BRAC University) for the course named- 'History of Bangladesh (HST 103)'
|
| 952 |
|
|
|0 0
|1 0
|2 ddc
|4 0
|6 330_954920000000000_HOS
|7 0
|9 78352
|a BRACUL
|b BRACUL
|c GEN
|d 2025-10-09
|e Hye Trade International
|g 948.00
|l 0
|o 330.95492 HOS
|p 3010044930
|r 2025-10-09
|t 4
|v 1896.00
|w 2025-10-09
|y BK
|x Requisitioned by Gazi Md. Mizanur Rahman (Assistant Professor, Department of English and Humanities, BRAC University) for the course named- 'History of Bangladesh (HST 103)'
|